| 000 | 00714nam a22002297a 4500 | ||
|---|---|---|---|
| 005 | 20170124110108.0 | ||
| 010 | _a713387 | ||
| 020 | _c00.00 | ||
| 035 | _a713387 | ||
| 037 | _bCen Lib/Ret | ||
| 040 |
_aDPL _bEN |
||
| 082 |
_a954.083 _bTWO |
||
| 245 |
_aTwo native narratives of the mutiny in Delhi / _ctranslated by Charles Theophilus Metcalfe |
||
| 260 |
_aDelhi _bSeema Publications _c1974 |
||
| 270 |
_bDelhi _aC-3/19, R.P. Bagh _e110007 |
||
| 300 |
_a259p. _c21cm(Hb) |
||
| 500 | _aIncludes index | ||
| 650 |
_aDelhi (India) -- History -- Siege, 1857 _928470 |
||
| 650 |
_aIndia -- Delhi _928471 |
||
| 700 |
_aMetcalfe, Charles Theophilus _928472 |
||
| 942 |
_2ddc _cEN _h954.083 _mTWO |
||
| 999 |
_c130160 _d130160 |
||